000 00338nam a22001457a 4500
008 210224b ||||| |||| 00| 0 eng d
020 _a9781927737132
041 _aeng
080 _24th
_a510
082 _a510
100 _a36
101 _aMAT
245 _aFundamentals of Mathematics
_cPratt, B. L & Sairoglou, M
942 _2udc
_cBK
999 _c55160
_d55160